Word Ladder: 6 Anagram Rungs Quiz Stats

 Plays Quiz Updated Jul 13, 2016

Challenge
Share
Tweet
Embed
Score 0/41 Timer 05:00
0 Plays Today
3-Word Clue 5-Letter Rung % Correct
• À la _____• CARTE •
95.1%
Grocery store vehiclesCARTS
93.4%
Georgia's fuzzy fruitPEACH
88.9%
Trumpet's orchestra sectionBRASS
88.7%
Hula skirt materialGRASS
87.9%
Nobel Prize categoryPEACE
87.8%
Sagan and SandburgCARLS
87.7%
Piece of dinnerwarePLATE
87.6%
Put in positionPLACE
87.5%
Shirley Temple trademarkCURLS
86.7%
Teen's romantic infatuationCRUSH
85.8%
Toiletry kit itemBRUSH
84.2%
Prepare for collisionBRACE
84.1%
Liberty Bell featureCRACK
83.3%
Get through toREACH
83%
• Container for shipping •• CRATE •
82.4%
Full of chutzpahBRASH
81.6%
Preserves, as meatCURES
81.5%
• Very small amount •• TRACE •
79.3%
Social class, rankCASTE
78.4%
Construction site machineCRANE
78%
3-Word Clue 5-Letter Rung % Correct
• Respond to stimuli •• REACT •
77.5%
Atlanta baseball playerBRAVE
76.7%
Storm drain coverGRATE
76.6%
• Supply party food •• CATER •
75.6%
Setting for bettingTRACK
75.6%
Shade of blueSLATE
74.3%
Underground Railroad passengerSLAVE
73.9%
Increase, with ''up''CRANK
73.6%
Mortarboard tossers, informallyGRADS
73.3%
Edit menu commandPASTE
72.9%
Level or inclinationGRADE
72.9%
Out of fashionPASSÉ
69.3%
Have to haveCRAVE
62.7%
Home health aideCARER
60.4%
Wooden percussion stickCLAVE
57.2%
• Proofreader's insertion sign •• CARET •
56.2%
Surgeon's scraping instrumentCURET
53.8%
Take a breatherPAUSE
38.1%
Be responsible forCAUSE
35.1%
Small earthen potCRUSE
34.6%

Today's Daily Dose

Missing Word
TV CA - CZ

Quick Pick
Vowels

On This Day
July 23rd II

You're not logged in!

Compare scores with friends on all Sporcle quizzes.
Join for Free
OR
Log In

You Might Also Like...

Show Comments

Extras

Top Quizzes Today


Score Distribution

Your Account Isn't Verified!

In order to create a playlist on Sporcle, you need to verify the email address you used during registration. Go to your Sporcle Settings to finish the process.

Report this User

Report this user for behavior that violates our Community Guidelines.

Details: